000 00305nam a2200109Ia 4500
008 200302s9999 xx 000 0 und d
100 _aJean Choi & Others
245 _aPidgin N0 Seven Princeton University School Architecture
260 _bPrinceton Architectural Press
260 _c1837
300 _a198 P.,
999 _c2746
_d2746